000 00366pab a2200145 454500
008 180718b1999 xxu||||| |||| 00| 0 eng d
100 _aJoshi, G.P.
245 _aInsulating police reform political control - a critical review
260 _c1999
300 _ap.45-53
362 _aJan-Mar
650 _aPolice
773 _aIndian Police Journal
909 _a43050
999 _c43050
_d43050